LEADER 01132nam a2200265 i 4500 001 991000800239707536 005 20020507173744.0 008 931002s1985 ||| ||| | ita 035 $ab10759049-39ule_inst 035 $aLE01302519$9ExL 040 $aDip.to Matematica$beng 084 $aAMS 90A 084 $aAMS 90A09 100 1 $aGatto, Gianfranco$0535069 245 10$aCriteri pratici di decisione per taluni investimenti finanziari ed aziendali. Tesi di laurea /$claureando G. Gatto ; relat. M. Giordano 260 $aLecce :$bUniversità degli studi. Facoltà di Scienze. Corso di laurea in Matematica,$ca.a. 1985-86 650 4$aFinance, portfolios, investment 650 4$aMathematical economics 700 1 $aGiordano, Marcello 907 $a.b10759049$b02-04-14$c28-06-02 912 $a991000800239707536 945 $aLE013 TES 1985/86 GAT1$g1$iLE013N-12$lle013$o-$pE0.00$q-$rl$s- $t0$u0$v0$w0$x0$y.i10854022$z28-06-02 996 $aCriteri pratici di decisione per taluni investimenti finanziari ed aziendali. Tesi di laurea$9922953 997 $aUNISALENTO 998 $ale013$b01-01-93$cm$da $e-$feng$gxx $h0$i1 LEADER 01514nam2 2200337 i 450 001 VEA0084390 005 20251003044438.0 020 $aIT$b97-9217 100 $a19960724d1996 ||||0itac50 ba 101 | $aita 102 $ait 181 1$6z01$ai $bxxxe 182 1$6z01$an 200 1 $aˆ1: ‰Temi e immagini del mutamento 210 $aRoma \etc.!$cLaterza$a\Roma!$cMinistero dei lavori pubblici-Dicoter$d1996 215 $a290 p.$cill.$d21 cm. 225 | $aBiblioteca di cultura moderna$v1100 410 0$1001CFI0000481$12001 $aBiblioteca di cultura moderna$v1100 461 1$1001VEA0084392$12001 $aˆLe ‰forme del territorio italiano$fa cura di Alberto Clementi, Giuseppe Dematteis, Pier Carlo Palermo$v1 606 $aITALIA$xGEOGRAFIA ECONOMICA$xSAGGI$2FIR$3MILC005626$9I 606 $aTERRITORIO$xITALIA$xSAGGI$2FIR$3MILC088756$9I 606 $aURBANESIMO$xITALIA$x1970-1990$xSAGGI$2FIR$3MILC088757$9I 676 $a370.140945$9$v21 676 $a711.30945$9URBANISTICA. PIANIFICAZIONE A LIVELLO INTERLOCALE E LOCALE. Italia$v23 801 3$aIT$bIT-000000$c19960724 850 $aIT-BN0095 $aIT-AV0007 $aIT-NA0079 $aIT-NA0070 912 $aVEA0084390 950 2$aBiblioteca Centralizzata di Ateneo$cv. 1-2$d 01POZZO LIB.ECON MON 5993$e 0101 0700202355E VMA A4(0001 v. 1$fB $h20210517$i20210517 977 $a 01$a AV$a BN$a BU 996 $aTemi e immagini del mutamento$9534515 997 $aUNISANNIO